Music Quiz

Random Music or Country Music Quiz

Female Singer Blitz III Quiz Stats

 Plays Quiz Updated Sep 13, 2018

Score 0/30 Timer 03:00
0 Plays Today
% Correct
Dolly Parton
78.7%
Dolly Parton
77.9%
Shania Twain
76.9%
Shania Twain
73.1%
Dolly Parton
71%
Shania Twain
64.9%
Carrie Underwood
64.9%
Carrie Underwood
61.3%
Patsy Cline
53.7%
Patsy Cline
52.8%
Miranda Lambert
45.9%
Dolly Parton
45.5%
Miranda Lambert
40.5%
Shania Twain
39.2%
Carrie Underwood
36.6%
% Correct
Carrie Underwood
35.3%
Miranda Lambert
34.7%
Shania Twain
34.6%
Reba McEntire
34%
Miranda Lambert
33.3%
Reba McEntire
33.3%
Miranda Lambert
32.4%
Reba McEntire
32.3%
Patsy Cline
29.6%
Patsy Cline
27.3%
Carrie Underwood
26.8%
Patsy Cline
25.4%
Reba McEntire
25.2%
Reba McEntire
23%
Dolly Parton
19.7%

You're not logged in!

Compare scores with friends on all Sporcle quizzes.
OR
Log In

Sporcle TV

Today on Sporcle TV


Watch our educational content, quiz creation guides, and fun videos on Sporcle TV.

Show Comments

Extras

Top Quizzes Today


Score Distribution

Your Account Isn't Verified!

In order to create a playlist on Sporcle, you need to verify the email address you used during registration. Go to your Sporcle Settings to finish the process.

Report this User

Report this user for behavior that violates our Community Guidelines.

Details: